Scrambled “P” Words - Statistics

General Stats
  • This quiz has been taken 61 times
  • The average score is 24 of 36
Answer Stats
Hint Answer % Correct
pneho phone
96%
epepol people
94%
phunc punch
94%
hicpt pitch
92%
orepb probe
88%
iprhsa parish
86%
legepd pledge
86%
oyertpv poverty
86%
yprvi privy
86%
oprfo proof
86%
ueprsu pursue
86%
npvero proven
82%
ssprcoe process
78%
hsrpea phrase
72%
ylypshcogo psychology
70%
eeonpnomhn phenomenon
66%
nlpipiee pipeline
62%
eesnecrp presence
62%
ntetaip patient
58%
ipensaunl peninsula
58%
nrntaemep permanent
58%
cupyllbi publicly
58%
cptlsia plastic
56%
onllpituo pollution
56%
tesneridp president
56%
yebapal payable
50%
eietvvrepn preventive
50%
rpephas perhaps
46%
gmlgriaipe pilgrimage
46%
oivnpiacrl provincial
46%
piflftain plaintiff
44%
reerlfpaeb preferable
44%
hcspilya physical
40%
rtteoopyp prototype
40%
rshaupce purchase
40%
npeangrt pregnant
38%
No matching quizzes found
Score Distribution
Percent of People with Each Score
Percentile by Number Answered
Your Score History
You have not taken this quiz